Central Library OPAC University of Rajshahi

Narwani dictionary of synonyms and antonyms / (Record no. 27817)

MARC details
000 -LEADER
fixed length control field 00755nam a2200229 a 4500
001 - CONTROL NUMBER
control field 27817
003 - CONTROL NUMBER IDENTIFIER
rucl marc code BD-RjUL
005 - DATE AND TIME OF LATEST TRANSACTION
control field 20211209051215.0
008 - FIXED-LENGTH DATA ELEMENTS--GENERAL INFORMATION
fixed length control field 140327s2007 ii d 000 0 eng
035 ## - SYSTEM CONTROL NUMBER
System control number (BD-RjUL)27896
040 ## - CATALOGING SOURCE
Original cataloging agency UKM
Transcribing agency UKM
Modifying agency BWKUK
-- BAKER
-- DLC
-- BD-RjUL
Language of cataloging eng
041 ## - LANGUAGE CODE
Language code of text/sound track or separate title eng
082 04 - DEWEY DECIMAL CLASSIFICATION NUMBER
Classification number R 423.12
Edition number 23
Author mark and year NAN 2007
100 1# - MAIN ENTRY--PERSONAL NAME
Personal name Narwani, Manish L.
9 (RLIN) 85383
245 12 - TITLE STATEMENT
Title Narwani dictionary of synonyms and antonyms /
Statement of responsibility, etc. Manish L. Narwani, G. Balasubrmanian
260 ## - PUBLICATION, DISTRIBUTION, ETC. (IMPRINT)
Place of publication, distribution, etc. Kolkata :
Name of publisher, distributor, etc. Educational Publisher,
Date of publication, distribution, etc. 2007.
300 ## - PHYSICAL DESCRIPTION
Pagination [4], 567, [1] p. ;
Size 24 cm.
650 #0 - SUBJECT ADDED ENTRY--TOPICAL TERM
Topical term or geographic name as entry element English language
General subdivision Synonyms and antonyms
Form subdivision Dictionaries.
9 (RLIN) 85384
700 1# - ADDED ENTRY--PERSONAL NAME
Personal name Balasubramanian, G., jt. auth.
942 ## - ADDED ENTRY ELEMENTS (KOHA)
Source of classification or shelving scheme Dewey Decimal Classification
Koha item type Reference
Holdings
Lost status Source of classification or shelving scheme Damaged status Not for loan Collection code Permanent Location Current Location Shelving location Date acquired Source of acquisition Cost, normal purchase price Total Checkouts Full call number Date last seen Copy number Koha item type
  Dewey Decimal Classification   Not For Loan Reference Central Library, University of Rajshahi Central Library, University of Rajshahi   22/03/2014 Dhaka, Paragon Enterprises Ltd. 470.00   R 423.12 NAN 2007 27/03/2014 C-1 Reference
  Dewey Decimal Classification   Not For Loan Reference Central Library, University of Rajshahi Central Library, University of Rajshahi   14/02/2011 Dhaka, Paragon Enterprises Ltd. 250.00   R 423.12 NAN 2007 19/10/2017 C-2 Reference
  Dewey Decimal Classification   Not For Loan Reference Central Library, University of Rajshahi Central Library, University of Rajshahi   14/02/2011 Dhaka, Paragon Enterprises Ltd. 250.00   R 423.12 NAN 2007 19/10/2017 C-3 Reference
  Dewey Decimal Classification   Not For Loan Reference Central Library, University of Rajshahi Central Library, University of Rajshahi   14/02/2011 Dhaka, Paragon Enterprises Ltd. 250.00   R 423.12 NAN 2007 19/10/2017 C-4 Reference
  Dewey Decimal Classification   Not For Loan Reference Central Library, University of Rajshahi Central Library, University of Rajshahi   14/02/2011 Dhaka, Paragon Enterprises Ltd. 250.00   R 423.12 NAN 2007 26/10/2017 C-5 Reference